| 000 | 00400nam a2200169Ia 4500 | ||
|---|---|---|---|
| 008 | 230524s9999 xx 000 0 und d | ||
| 020 | _a8120303717 | ||
| 082 |
_a4.16 _bRAJ |
||
| 100 |
_aV.Rajaraman _92240 |
||
| 245 | 0 | _aComputer Programming In Pascal | |
| 250 | _a2ND | ||
| 260 |
_aNEW DELHI _bPHI _c1996 |
||
| 300 | _aIX;196 | ||
| 500 | _aQuantity Number: 16 | ||
| 650 | _aComp-Sc | ||
| 942 | _cBK | ||
| 999 |
_c6243 _d6243 |
||